Methodology of content analysis of CR information in annual reports of the largest Czech and Slovak companies by means of Cata

Firemný reporting sa stáva bežnou praxou po celom svete. Informácie o spoločenskej zodpovednosti. Metodika výskumu, konkrétne kvantitatívna analýza obsahu spoločenskej zodpovednosti, zverejnená vo výročných správach najväčších neziskových organizácií v Českej a Slovenskej republike.

Gespeichert in:
Bibliographische Detailangaben
1. Verfasser: Petera, Petr
Weitere Verfasser: Wagner, Jaroslav, Pakšiová, Renáta, 1974-
Format: Buchkapitel
Sprache:Englisch
Schlagworte:
Tags: Tag hinzufügen
Keine Tags, Fügen Sie das erste Tag hinzu!

MARC

LEADER 00000naa$a2200000$$$4500
001 0224174
005 20260210125300.3
041 0 |a eng 
044 |a AT 
245 1 0 |a Methodology of content analysis of CR information in annual reports of the largest Czech and Slovak companies by means of Cata  |c Petr Petera, Jaroslav Wagner, Renáta Pakšiová 
520 |a Firemný reporting sa stáva bežnou praxou po celom svete. Informácie o spoločenskej zodpovednosti. Metodika výskumu, konkrétne kvantitatívna analýza obsahu spoločenskej zodpovednosti, zverejnená vo výročných správach najväčších neziskových organizácií v Českej a Slovenskej republike. 
610 2 0 |a zodpovednosť spoločenská 
610 2 0 |a organizácie neziskové 
610 2 0 |a analýza kvantitatívna 
610 2 0 |a reporting 
610 2 0 |a správy výročné 
610 2 0 |a metodika 
610 2 0 |a výskum 
100 1 |a Petera, Petr 
700 1 |a Wagner, Jaroslav 
700 1 |a Pakšiová, Renáta, 1974-